Contrario #3 Séries animées - Statistiques

Statistiques générales
  • Ce quiz a été pris 177 fois
  • Le résultat moyen est 10 sur 17
Statistiques - réponses
Contrario Proverbe % Correct
Les Souriz Les Ratz
95%
Marc le bourdon Maya l'abeille
76%
Moustachdemaman Barbapapa
72%
Le Cavalier de l'Horoscope Les Chevaliers du Zodiaque
71%
L'Énigmatique Ville d'argent Les Mystérieuses Cités d'or
70%
Peggy et les Mouches Oggy et les Cafards
70%
Le Taxi surnaturel Le Bus magique
64%
Canadian Son! American Dad!
60%
Rob l'essuie-tout Bob l'éponge
60%
Officier Bidule Inspecteur Gadget
57%
Mot de passe Ookyl Code Lyoko
56%
Katana University Shuriken School
56%
Foyer Corsaire Famille Pirate
55%
L'Équipe Delasavane La Famille Delajungle
52%
Le Fou de l'univers Les Zinzins de l'espace
41%
North Playground South Park
39%
Le Lion rouge La Panthère rose
25%
Aucun quiz correspondant
Distribution des résultats
% des personnes avec chaque résultat
Percentile par nombre de réponses
Votre historique - résultats
Vous n’avez pas pris ce quiz